| 000 | 00792cam a2200265 a 4500 | ||
|---|---|---|---|
| 001 | 000009356 | ||
| 003 | UkOxU | ||
| 005 | 20240306164224.0 | ||
| 008 | 990909s1999 sp 001 f spa d | ||
| 020 | _a8420484164 | ||
| 082 |
_aPe863.44 _bV2972co |
||
| 100 | 1 |
_aVargas Llosa, Mario, _d1936- _912567 |
|
| 245 | 1 | 0 |
_aConversación en la catedral / _cMario Vargas Llosa ; edición de Alex Zisman. |
| 260 |
_aMadrid : _bAlfaguara, _c1999. |
||
| 300 |
_a734 p. ; _c22 cm. |
||
| 490 | 1 | _aBiblioteca Mario Vargas Llosa | |
| 650 | 4 |
_aNovela peruana _912569 |
|
| 650 | 4 |
_aLiteratura peruana _93140 |
|
| 700 | 1 |
_aZisman, Alex, _eed. _924128 |
|
| 830 | 0 |
_aBiblioteca Mario Vargas Llosa _912568 |
|
| 910 | _aCatalogación por copia / Oxford | ||
| 910 | _aWM | ||
| 049 | _aBNGR | ||
| 999 |
_c9116 _d9116 |
||
| 040 | _aDO-SdBNP | ||